[Event "ROM-ch U10"]
[Site "Baile Felix"]
[Date "2017.02.08"]
[Round "8"]
[White "Filip, Andrei"]
[Black "Militaru, Mihai Adrian"]
[Result "1-0"]
[WhiteElo "1486"]
[BlackElo "1279"]
[PlyCount "69"]
[EventDate "2017.02.02"]
[EventType "swiss"]
[EventRounds "9"]
[EventCountry "ROU"]
[SourceTitle "CBM 176 Extra"]
[Source "ChessBase"]
[SourceDate "2017.03.02"]
[SourceVersion "1"]
[SourceVersionDate "2017.03.02"]
[SourceQuality "1"]

1. d4 d5 2. c4 e6 3. Nf3 Nf6 4. g3 Nc6 5. Bg2 Bd7 6. 0-0 Be7 7. Nc3 0-0 8. Bg5 h6 9. Bxf6 Bxf6 10. cxd5 exd5 11. Nxd5 Bg4 12. Nxf6+ Qxf6 13. e3 Rad8 14. h3 Bh5 15. g4 Bg6 16. Nd2 b6 17. Qa4 Ne7 18. Qxa7 c5 19. Nb3 cxd4 20. Nxd4 h5 21. Qb7 Rb8 22. Qf3 Qe5 23. a4 hxg4 24. hxg4 Rbd8 25. Qg3 Qg5 26. b4 Bd3 27. Rfd1 Bc4 28. a5 bxa5 29. bxa5 Nd5 30. Rdc1 Ba6 31. Rc5 Rd7 32. f4 Qd8 33. Nc6 Qa8 34. Bxd5 Rxd5 35. Ne7+ 1-0

[Event "ROM-ch U10"]
[Site "Baile Felix"]
[Date "2017.02.07"]
[Round "7"]
[White "Militaru, Mihai Adrian"]
[Black "Halmajan, Fabian Mirel"]
[Result "1-0"]
[WhiteElo "1279"]
[BlackElo "1294"]
[PlyCount "54"]
[EventDate "2017.02.02"]
[EventType "swiss"]
[EventRounds "9"]
[EventCountry "ROU"]
[SourceTitle "CBM 176 Extra"]
[Source "ChessBase"]
[SourceDate "2017.03.02"]
[SourceVersion "1"]
[SourceVersionDate "2017.03.02"]
[SourceQuality "1"]

1. e4 c5 2. Nf3 d6 3. Nc3 a6 4. d4 cxd4 5. Nxd4 Nc6 6. Nf3 Nf6 7. Bc4 e6 8. Bf4 b5 9. Bb3 Be7 10. 0-0 Bb7 11. Re1 Qd7 12. a4 b4 13. Na2 a5 14. c3 bxc3 15. Nxc3 h6 16. Nb5 Rd8 17. Qe2 e5 18. Bg3 Ba6 19. Nxd6+ Qxd6 20. Qxa6 Qc7 21. Rac1 Nb4 22. Qb5+ Qd7 23. Qxd7+ Rxd7 24. Nxe5 Rb7 25. Nxf7 Rf8 26. Rc8+ Kd7 27. Rxf8 Bxf8 1-0